Aplikácia metód marketingového výskumu v praxi bakalárska práca

Gespeichert in:
Bibliographische Detailangaben
1. Verfasser: Šulajová, Monika
Körperschaft: Fakulta podnikového manažmentu EU. Katedra manažmentu
Weitere Verfasser: Šinský, Peter
Format: Buch
Sprache:Slowakisch
Veröffentlicht: Bratislava 2016
Tags: Tag hinzufügen
Keine Tags, Fügen Sie das erste Tag hinzu!

MARC

LEADER 00000nbm a2200000 4500
001 0218404
005 20170222132906.3
041 0 |a slo 
044 |a SK 
245 1 0 |a Aplikácia metód marketingového výskumu v praxi  |b bakalárska práca  |c Monika Šulajová ; školiteľ: Peter Šinský 
264 1 |a Bratislava  |c 2016 
300 |a 50 s. 
100 1 |a Šulajová, Monika 
700 1 |a Šinský, Peter 
710 2 |a Fakulta podnikového manažmentu EU. Katedra manažmentu